000 00582nam a2200169 i 4500
001 45436
003 ES-MaACL
005 20230906161222.0
007 t|
008 030326s1902 sp ||||1| spa d
100 1 _aColl y Astrell, Joaquin.
_939635
245 1 0 _aMonografía histórica del Centro del Ejército y de la Armada /
_cpor Joaquin Coll y Astrell.
260 _aMadrid :
_b[s.n.],
_c1902 (
_fImp. de Administración Militar)
300 _a751 p., 22 lam. :
_bil. ;
_c26 cm.
610 2 4 _aCentro del Ejército y de la Armada (Madrid)
_9137469
852 _aES-MaACL
_jG-10177
999 _c45436
_d45436